Los aventureros del mar /
Guardado en:
| Autor Principal: | |
|---|---|
| Formato: | Libro |
| Publicado: |
Buenos Aires :
Acme,
1981
|
| Series: | Colec. Robin Hood
|
| Materias: | |
| Etiquetas: |
Agregar Etiqueta
Sin Etiquetas, Sea el primero en etiquetar este registro!
|
| LEADER | 00551nam a22002055a 4500 | ||
|---|---|---|---|
| 001 | CEM.cems007260 | ||
| 005 | 20060214000000.0 | ||
| 008 | 130507s1981##################000#0#####d | ||
| 003 | CEMS | ||
| 082 | 0 | 4 | |a 853.9 |
| 100 | 1 | |a Salgari, Emilio | |
| 245 | 1 | 0 | |a Los aventureros del mar / |
| 260 | |a Buenos Aires : |b Acme, |c 1981 | ||
| 300 | |a 187 p. | ||
| 490 | 0 | |a Colec. Robin Hood | |
| 653 | |a Literatura | ||
| 653 | |a Literatura juvenil | ||
| 653 | |a Novela italiana-siglo 19 | ||
| 653 | |a Novelas | ||
| 859 | |a CEMS |b BIB. CEMS - 11 de abril |h 853.9 |i Sa32 |p 15708.90 |t Ej.1 | ||
